[Event "Capablanca Memorial op 57th"]
[Site "Havana"]
[Date "2024.05.11"]
[Round "9"]
[White "Bueno Gauna, Christian Alejandro"]
[Black "Gomez Pereda, Jaime"]
[Result "1-0"]
[WhiteElo "2050"]
[BlackElo "2097"]
[PlyCount "63"]
[EventDate "2024.05.03"]
[EventType "swiss"]
[EventRounds "10"]
[EventCountry "CUB"]
[SourceTitle "EXT 2025"]
[Source "ChessBase"]
[SourceDate "2024.10.14"]
[SourceVersion "1"]
[SourceVersionDate "2024.10.14"]
[SourceQuality "1"]

1. d4 d5 2. c4 e6 3. g3 Nf6 4. Bg2 dxc4 5. Nf3 Be7 6. 0-0 0-0 7. a4 c5 8. dxc5 Qxd1 9. Rxd1 Nc6 10. Na3 Bxc5 11. Nxc4 Rd8 12. Rxd8+ Nxd8 13. Nfe5 Nd7 14. Nd3 Be7 15. Bf4 f6 16. Bc7 Nc6 17. a5 a6 18. Nf4 Kf7 19. Rd1 g5 20. Nxe6 Kxe6 21. Bd5+ Kf5 22. Bf7 Bc5 23. Rd5+ Nce5 24. b4 b5 25. axb6 Bb7 26. bxc5 Bxd5 27. Bxd5 Rh8 28. e4+ Kg6 29. Nxe5+ fxe5 30. c6 Nf6 31. Bxe5 Nxd5 32. exd5 1-0